3D Studio Max iç ve dış mekan modelleme (Record no. 21752)

000 -LEADER
fixed length control field 01194nmm a2200349 a 4500
001 - CONTROL NUMBER
control field ocm0002347849
003 - CONTROL NUMBER IDENTIFIER
control field TR-IsHL
005 - DATE AND TIME OF LATEST TRANSACTION
control field 20201028190056.0
008 - FIXED-LENGTH DATA ELEMENTS--GENERAL INFORMATION
fixed length control field 191225s2019 tu tur
007 - PHYSICAL DESCRIPTION FIXED FIELD--GENERAL INFORMATION
fixed length control field cr cn
020 ## - INTERNATIONAL STANDARD BOOK NUMBER
International Standard Book Number 9786055201135
035 ## - SYSTEM CONTROL NUMBER
System control number 2347849
-- (N$T)
050 04 - LIBRARY OF CONGRESS CALL NUMBER
Classification number TR897.7
Item number .S86 2019
090 04 - LOCALLY ASSIGNED LC-TYPE CALL NUMBER (OCLC); LOCAL CALL NUMBER (RLIN)
Classification number (OCLC) (R) ; Classification number, CALL (RLIN) (NR) TR897.7
Local cutter number (OCLC) ; Book number/undivided call number, CALL (RLIN) .S86 2019
100 1# - MAIN ENTRY--PERSONAL NAME
Personal name Sümen, Ali Murat
245 10 - TITLE STATEMENT
Title 3D Studio Max iç ve dış mekan modelleme
Medium [electronic resource] /
Statement of responsibility, etc. Ali Murat Sümen ; yayına hazırlık Merve Nur Şengül ; ditörler İrem Soylu, Gizem Aksan
250 ## - EDITION STATEMENT
Edition statement 5. Baskı
260 ## - PUBLICATION, DISTRIBUTION, ETC.
Place of publication, distribution, etc. İstanbul :
Name of publisher, distributor, etc. KODLAB Yayın Dağıtım,
Date of publication, distribution, etc. 2019
300 ## - PHYSICAL DESCRIPTION
Extent 262 p.
650 #4 - SUBJECT ADDED ENTRY--TOPICAL TERM
Topical term or geographic name entry element Mühendislik ve Teknoloji
650 #4 - SUBJECT ADDED ENTRY--TOPICAL TERM
Topical term or geographic name entry element Engineering and Technology
650 #0 - SUBJECT ADDED ENTRY--TOPICAL TERM
Topical term or geographic name entry element Bilgisayar grafikleri
650 #0 - SUBJECT ADDED ENTRY--TOPICAL TERM
Topical term or geographic name entry element Computer graphics
650 #0 - SUBJECT ADDED ENTRY--TOPICAL TERM
Topical term or geographic name entry element Bilgisayar animasyonu
650 #0 - SUBJECT ADDED ENTRY--TOPICAL TERM
Topical term or geographic name entry element Computer animation
650 #7 - SUBJECT ADDED ENTRY--TOPICAL TERM
Topical term or geographic name entry element COMPUTERS / Design, Graphics & Media / Video & Animation
Source of heading or term bisacsh
700 1# - ADDED ENTRY--PERSONAL NAME
Personal name Şengül, Merve Nur
700 1# - ADDED ENTRY--PERSONAL NAME
Personal name Soylu, İrem
700 1# - ADDED ENTRY--PERSONAL NAME
Personal name Aksan, Gizem
700 1# - ADDED ENTRY--PERSONAL NAME
Personal name
856 40 - ELECTRONIC LOCATION AND ACCESS
Uniform Resource Identifier <a href="http://search.ebscohost.com/login.aspx?direct=true&scope=site&db=e011xww&AN=2347849">http://search.ebscohost.com/login.aspx?direct=true&scope=site&db=e011xww&AN=2347849</a>
Holdings
Withdrawn status Lost status Source of classification or shelving scheme Damaged status Not for loan Collection code Permanent Location Current Location Date acquired Total Checkouts Full call number Barcode Date last seen Price effective from Koha item type
        Online   Kıbrıs Amerikan Üniversitesi Kütüphanesi / American University of Cyprus Kıbrıs Amerikan Üniversitesi Kütüphanesi / American University of Cyprus 28.10.2020   TR897.7 .S86 2019 2347849 28.10.2020 28.10.2020 E-Kitap
Devinim Yazılım Eğitim Danışmanlık tarafından Koha'nın orjinal sürümü uyarlanarak geliştirilip kurulmuştur.